000 00599nam a2200229 a 4500
001 nice12345678
003 IN_TiNIC
005 20260116013118.0
008 050524s1981 pria grp 000 0 eng
020 _a
_c1078
082 0 0 _a181.07
_bSAD
100 _aSadra, Mulla
245 _aWisdom of the Throne
_b an Introduction to the Philosophy of Mulla Sadra
260 _aPrinceton
_bPrinceton University Press
_c1981
300 _a275p
500 _aincludes index and biblioraphy
505 2 _aIndex
650 _aPhilosophy-Islamic
902 _bSRS
942 _cBK
999 _c9697
_d9697